000 01084nam0a22002531 4500
001 rc\2371416
005 20250623053752.0
035 _a(NLR Aleph) 006600831
090 _a7246001
_c7246001
100 _a20110829d1976 |||y0rusy50 ca
101 0 _arus
102 _aRU
105 _ay z |||||
200 1 _aВлияние миграции на формирование и структуру стабильного состава населения Дальнего Востока
_eНауч. отчет
_fНауч. руководитель д. э. н. Л.Л. Рыбаковский
_gИн-т социол. исследований АН СССР. Отд. прогнозирования социальных процессов. Сектор социальных проблем миграции
210 _aМосква
_cБ. и.
_d1976
215 _a97 с.
_d20
333 _aДСП. Экз. № 7
801 0 _aRU
_bNLR
_gpsbo
801 1 _aRU
_bELAR
_2rusmarc
852 _aNLR
_j76-50К/906
899 _aRuMoRGB
_jДСП
899 _aRuMoRGB
_j22 3746/
942 _cBOOK
980 _aNB